| 000 | 00642nam a2200193 a 4500 | ||
|---|---|---|---|
| 001 | 62364 | ||
| 005 | 20180714064349.0 | ||
| 008 | 150407s1998 enk r 000 0 spa d | ||
| 020 | _a0-946621-71-3 | ||
| 082 | 0 |
_a297 _bBAK |
|
| 100 | 1 |
_aBakar, Osman _eautor |
|
| 245 | 1 | 0 |
_aClassification of knowledge in islam : _ba study in islamic philosophies of science / _cOsman Bakar. |
| 264 | 1 |
_aUnited Kingdom : _bIslamic Textos Society; _c1998 |
|
| 300 |
_axvii, 312 páginas ; _c22 cm. |
||
| 336 |
_atexto _2rdacontent |
||
| 337 |
_asin mediación _2rdamedia |
||
| 338 |
_avolumen _2rdacarrier |
||
| 650 | 0 |
_aIslamismo _xConocimiento |
|
| 999 |
_c62364 _d62364 |
||